Normal view
MARC view
- Coins -- History -- Numismatics
Entry Topical Term
001 - CONTROL NUMBER
- control field: 3511
003 - CONTROL NUMBER IDENTIFIER
- control field: JO-AjAnu
005 - DATE AND TIME OF LATEST TRANSACTION
- control field: 20230606070858.0
008 - FIXED-LENGTH DATA ELEMENTS
- fixed length control field: 230606|| aca||aabn | a|a d
040 ## - CATALOGING SOURCE
- Original cataloging agency: JO-AjAnu
- Transcribing agency: JO-AjAnu
150 ## - HEADING--TOPICAL TERM
- Topical term or geographic name entry element: Coins -- History -- Numismatics
670 ## - SOURCE DATA FOUND
- Source citation: Work cat.: (JO-AjAnu)1831: Goussous, Nayef G,Al Zuod, Hassan A,Naghawy, Ayda M, author 3510, Inedited and rare ancient, classical and Byzantine coins